Score 0/12 Timer 02:00
0 Plays Today
Hint Answer % Correct
Puss in ____Boots
96.6%
Friday ____ LightsNight
96%
Bad News ____Bears
91.6%
____ SantaBad
89.7%
____ ActuallyLove
88.3%
The ____ Who Wasn't ThereMan
79.4%
Monster's ____Ball
72.1%
Sling ____Blade
62.1%
A Simple ____Plan
36.8%
____ ColorsPrimary
32.9%
Pushing ____Tin
31.4%
School for _____Scoundrels
28.4%

Today's Daily Dose

Remove Ads.
Support Sporcle.
Get the best of Sporcle when you Go Orange. This ad-free experience offers more features, more stats, and more fun while also helping to support Sporcle. Thank you for becoming a member.

You're not logged in!

Compare scores with friends on all Sporcle quizzes.
OR
Log In

Show Comments

Extras

Top Quizzes Today


Score Distribution

Your Account Isn't Verified!

In order to create a playlist on Sporcle, you need to verify the email address you used during registration. Go to your Sporcle Settings to finish the process.

Report this User

Report this user for behavior that violates our Community Guidelines.

Details: